| 000 | 00534nam a2200229Ia 4500 | ||
|---|---|---|---|
| 003 | OSt | ||
| 005 | 20220912153038.0 | ||
| 006 | a|||||r|||| 00| 0 | ||
| 007 | ta | ||
| 008 | 220909b |||||||| |||| 00| 0 eng d | ||
| 024 | _a23862 | ||
| 037 | _cTextual | ||
| 040 |
_aCSL _beng _cCSL |
||
| 041 | _aeng | ||
| 082 | _aB46, 122J2 | ||
| 100 | _aChattelun Lucien | ||
| 245 | 0 | _aCalcul vectoriel | |
| 260 | _c1952 | ||
| 300 |
_ap. _ccm. |
||
| 942 |
_hB46, 122J2 _cTEXL _2CC |
||
| 999 |
_c97122 _d97122 |
||